రామాయణంలోని కాండాలు - Statistics

General Stats
  • This quiz has been taken 3 times
  • The average score is 6 of 7
Answer Stats
కాండాలు % Correct
బాలకాండము
100%
అయోధ్యాకాండము
100%
అరణ్యకాండము
100%
సుందరకాండము
100%
యుద్ధకాండము
100%
ఉత్తరకాండము
67%
కిష్కింధాకాండము
33%
No matching quizzes found
Score Distribution
Percent of People with Each Score
Percentile by Number Answered
Your Score History
You have not taken this quiz